Linie lotnicze - Statystyki

Ogólne statystyki
  • Ten quiz został rozwiązany 115 razy
  • Średni wynik to 16 z 22
Statystyki odpowiedzi
Obrazkowy Odpowiedź % Poprawnych
Emirates
100%
Buzz
92%
LOT
92%
Ryanair
91%
Wizz Air
91%
Lufthansa
89%
Enter Air
88%
KLM
87%
Air France
84%
SWISS
84%
Air Cairo
78%
Turkish Airlines
75%
SkyLine Express
73%
easyJet
71%
Qatar Airways
71%
British Airways
66%
Etihad Airways
66%
Korean Air
66%
Iberia
51%
Singapore Airlines
49%
Austrian Airlines
35%
Eurowings
0%
Nie znaleziono quizów pasujących do podanych kryteriów
Rozkład punktacji
Procent ludzi z każdym wynikiem
Percentyl według liczby udzielonych odpowiedzi
Twoja historia wyników
Nie rozwiązałeś tego quizu